A survey of modern algebra

Αποθηκεύτηκε σε:
Λεπτομέρειες βιβλιογραφικής εγγραφής
Κύριος συγγραφέας: Birkhoff, Garrett 1911-
Άλλοι συγγραφείς: Mac Lane, Saunders 1909-
Μορφή: Βιβλίο
Γλώσσα:English
Δημοσίευση: Wellesley, Mas. : A K Peters, c1997
Έκδοση:5th ed.
Θέματα:
Ετικέτες: Προσθήκη ετικέτας
Δεν υπάρχουν, Καταχωρήστε ετικέτα πρώτοι!

MARC

LEADER 00000cam a2200000 i 4500
001 1/46499
008 980616s1997 eng d
020 |a 1-56881-068-7 
035 |l 10042812 
040 |a GR-MY-UA  |b gre  |e aacr 
041 0 |a eng 
082 0 |a 512 
100 1 |a Birkhoff, Garrett  |d 1911- 
245 1 2 |a A survey of modern algebra /  |c Garrett Birkhoff, Saunders MacLane 
250 |a 5th ed. 
260 |a Wellesley, Mas. :   |b A K Peters,   |c c1997 
300 |a xi, 500 p.;  |c 24 cm. 
500 |a Includes index and bibliography 
650 0 0 |a Algebra, Abstract. 
650 0 0 |a Algebras, Linear. 
700 1 |a Mac Lane, Saunders  |d 1909- 
852 |a INST  |b SAMOS  |e 19980616  |h 512 BIR  |p 005300011216  |q 005300011216  |t BK  |y 0 
852 |a INST  |b SAMOS  |e 19980616  |h 512 BIR  |p 005300011217  |q 005300011217  |t BK  |y 0 
852 |a INST  |b SAMOS  |e 19980616  |h 512 BIR  |p 005300011218  |q 005300011218  |t BK  |y 0 
901 |a BIBL-1998-2 
909 |a Σ  |b 056923 
909 |a Σ  |b 056924 
909 |a Σ  |b 056925 
922 |a 3ΕΛΗ  |b 199805  |c ΚΠΣ  |d ΠΑΠΑΣΩΤΗΡΙΟΥ